MICROSOFT DOS 6.2 , QUICK REFERNCE GUIDE (Record no. 570615)
[ view plain ]
| 000 -LEADER | |
|---|---|
| fixed length control field | 00344nam a22001337a 4500 |
| 020 ## - INTERNATIONAL STANDARD BOOK NUMBER | |
| International Standard Book Number | 81-86340-23-8 |
| 082 ## - DEWEY DECIMAL CLASSIFICATION NUMBER | |
| Classification number | 005.43 MIC |
| 100 ## - MAIN ENTRY--PERSONAL NAME | |
| Personal name | SCHWARTZ, KARL |
| 9 (RLIN) | 56805 |
| 245 ## - TITLE STATEMENT | |
| Title | MICROSOFT DOS 6.2 , QUICK REFERNCE GUIDE |
| 260 ## - PUBLICATION, DISTRIBUTION, ETC. | |
| Place of publication, distribution, etc. | NEW DELHI |
| Name of publisher, distributor, etc. | GALGOTIA PUBLICATIONS |
| Date of publication, distribution, etc. | 1995 |
| 300 ## - PHYSICAL DESCRIPTION | |
| Extent | 239P |
| 650 ## - SUBJECT ADDED ENTRY--TOPICAL TERM | |
| Topical term or geographic name entry element | DOS 6.2 |
| 9 (RLIN) | 61051 |
| 942 ## - ADDED ENTRY ELEMENTS (KOHA) | |
| Koha item type | Book |
| Withdrawn status | Lost status | Source of classification or shelving scheme | Damaged status | Not for loan | Permanent Location | Current Location | Shelving location | Date acquired | Full call number | Barcode | Date last seen | Price effective from | Koha item type |
|---|---|---|---|---|---|---|---|---|---|---|---|---|---|
| College of Electrical & Mechanical Engineering (CEME) | College of Electrical & Mechanical Engineering (CEME) | General Stacks | 07/20/2017 | 005.43 MIC | CEME-25378 | 06/28/2021 | 06/28/2021 | Book |
